| 000 | 00926cam a2200265 a 4500 | ||
|---|---|---|---|
| 001 | 0000004636 | ||
| 005 | 20170406120000.0 | ||
| 008 | 870403s1987 enka b 001 0 eng | ||
| 010 | _a 87010369 | ||
| 020 | _a0521336953 (pbk.) | ||
| 035 | _9(DLC) 87010369 | ||
| 040 |
_aDLC _cDLC _dDLC |
||
| 050 | 0 | 0 |
_aQA76.73.P2 _bA38 1987 |
| 082 | 0 | 0 |
_a005.13/3 _219 |
| 100 | 1 |
_aAlcock, Donald, _d1930-. |
|
| 245 | 1 | 0 |
_aIllustrating Pascal / _cDonald Alcock. |
| 260 |
_aCambridge [Cambridgeshire] ; _aNew York : _bCambridge University Press, _c1987. |
||
| 300 |
_avii, 184 p. : _bill. ; _c25 cm. |
||
| 500 | _aIncludes index. | ||
| 504 | _aBibliography: p. 175. | ||
| 650 | 0 | _aPascal (Computer program language) | |
| 856 | 4 | 2 |
_3Publisher description _uhttp://www.loc.gov/catdir/description/cam023/87010369.html |
| 856 | 4 | 1 |
_3Table of contents _uhttp://www.loc.gov/catdir/toc/cam026/87010369.html |
| 908 | _a141114 | ||
| 999 |
_c4456 _d4456 |
||